Recognize drawn football players - Statistics

General Stats
  • This quiz has been taken 48 times
  • The average score is 19 of 24
Answer Stats
Picture Answer % Correct
Lionel Messi
100%
Ronaldo Nazario
98%
Gianluigi Buffon
93%
Arjen Robben
91%
Cristiano Ronaldo
91%
Paul Pogba
91%
Wayne Rooney
91%
Robin van Persie
86%
Thierry Henry
86%
Toni Kroos
86%
Zinedine Zidane
86%
Zlatan Ibrahimovic
86%
Frank Lampard
84%
Paolo Maldini
84%
Steven Gerrard
84%
Luis Suarez
82%
Paulo Dybala
77%
David Beckham
73%
Luis Figo
68%
Rudi Völler
61%
Xherdan Shaqiri
59%
Michael Owen
55%
Xabi Alonso
43%
Lothar Matthäus
16%
No matching quizzes found
Score Distribution
Percent of People with Each Score
Percentile by Number Answered
Your Score History
You have not taken this quiz